Science Quiz

Random Science or Clip Quiz
Score 0/14 Timer 06:00
1 Play Today
Clip Animal % Correct
01Blue Whale
96.5%
06African Lion
91.4%
07Lesser Flamingo
85.9%
04Honey Bee
85.7%
02Elephant Seal
85.5%
10Platypus
82.3%
14Grey Wolf
82.1%
Clip Animal % Correct
03Emperor Penguin
80.9%
11Great White Shark
79.5%
05Eastern Grey Kangaroo
77.1%
12Three-toed Sloth
74.6%
13Giant Prickly Stick Insect
43.8%
08Mudskipper
32.9%
09Superb Lyrebird
21%

You're not logged in!

Compare scores with friends on all Sporcle quizzes.
OR
Log In

Sporcle TV

Today on Sporcle TV


Watch our educational content, quiz creation guides, and fun videos on Sporcle TV.

Show Comments

Extras

Top Quizzes Today


Score Distribution

Your Account Isn't Verified!

In order to create a playlist on Sporcle, you need to verify the email address you used during registration. Go to your Sporcle Settings to finish the process.

Report this User

Report this user for behavior that violates our Community Guidelines.

Details: